000 00296nam a22001457a 4500
003 SGT
020 _a9780349104522
082 _a370,KAN
100 _a Kanigel, Robert
245 _aMAN WHO KNEW INFINITY
260 _aABACVS
_c2016
300 _a438
650 _aEDUCATION
942 _2ddc
_cBK
999 _c26670
_d26670